000 00434nam a2200181Ia 4500
001 11554
005 20260306162836.0
008 260306t1998||||xx |||||||||||||| ||spa||
041 _aESP
082 _a985.08
_bP43
100 _aPerú. Congreso
_eAUT
245 0 _aEl Perú en los albores del siglo XXI / 2
260 _c1998
300 _a356 páginas :
_c21cm.
650 _aGEN
654 _aCHU
942 _cLIB
_dJUS
_fJUS
_2ddc
_n
999 _c11554
_d11554